Uhapoha: (Record no. 47944)

000 -LEADER
fixed length control field 00398nam a22001571a 4500
020 ## - INTERNATIONAL STANDARD BOOK NUMBER
ISBN 9788171193622
082 ## - DEWEY DECIMAL CLASSIFICATION NUMBER
Classification number H4
Item number GIR/U
100 ## - MAIN ENTRY--AUTHOR NAME
Personal name Girdhar Ratti
245 ## - TITLE STATEMENT
Title Uhapoha:
Sub Title sahithya, samaj, samskrithi aaj/
Statement of responsibility, etc by Girdhar Ratti
260 ## - PUBLICATION, DISTRIBUTION, ETC. (IMPRINT)
Place of publication New Delhi:
Name of publisher Radhakrishna,
Year of publication 1998.
300 ## - PHYSICAL DESCRIPTION
Number of Pages 297p.
650 ## - SUBJECT ADDED ENTRY--TOPICAL TERM
Topical Term Essays Hindi
650 ## - SUBJECT ADDED ENTRY--TOPICAL TERM
Topical Term Literature Hindi
650 ## - SUBJECT ADDED ENTRY--TOPICAL TERM
Topical Term Literature
942 ## - ADDED ENTRY ELEMENTS (KOHA)
Koha item type Book
Holdings
Withdrawn status Lost status Damaged status Not for loan Permanent Location Current Location Shelving location Date acquired Cost, normal purchase price Full call number Accession Number Cost, replacement price Price effective from Koha item type
        Sree Sankaracharya University of Sanskrit Sree Sankaracharya University of Sanskrit Stacks 08.01.2015 250.00 H4 GIR/U 026713 0.00 08.01.2015 Book